000
00281nam a22001337a 4500
008
170930b xxu||||| |||| 00| 0 eng d
020
_a
9780495567509
041
_a
eng
080
_a
37
100
_a
47
101
_a
EDU
245
_a
PERSUASION
_c
LARSON, CH.U
942
_2
udc
_c
BK
999
_c
30993
_d
30993